Leveled readers for fluency : Teacher's guide
Unit 1. Cooperation and Competition, Unit 2. Astronomy,... Unit 6. Journeys and Quests.
Wedi'i Gadw mewn:
| Fformat: | Llyfr |
|---|---|
| Iaith: | Undetermined |
| Cyhoeddwyd: |
Columbus, Ohio
SRA/McGraw-Hill
2007
|
| Pynciau: | |
| Tagiau: |
Ychwanegu Tag
Dim Tagiau, Byddwch y cyntaf i dagio'r cofnod hwn!
|
| Thư viện lưu trữ: | Trung tâm Học liệu Trường Đại học Cần Thơ |
|---|
| LEADER | 00578nam a2200181Ia 4500 | ||
|---|---|---|---|
| 001 | CTU_226001 | ||
| 008 | 210402s9999 xx 000 0 und d | ||
| 082 | |a 372.4 | ||
| 082 | |b L657/G.5 | ||
| 245 | 0 | |a Leveled readers for fluency : | |
| 245 | 0 | |b Teacher's guide | |
| 260 | |a Columbus, Ohio | ||
| 260 | |b SRA/McGraw-Hill | ||
| 260 | |c 2007 | ||
| 520 | |a Unit 1. Cooperation and Competition, Unit 2. Astronomy,... Unit 6. Journeys and Quests. | ||
| 650 | |a Đọc (Tiểu học),Reading (Primary) | ||
| 910 | |b nthai | ||
| 980 | |a Trung tâm Học liệu Trường Đại học Cần Thơ | ||